| 000 | 00450nam a2200157Ia 4500 | ||
|---|---|---|---|
| 003 | GCL | ||
| 008 | 140319s9999 xx 000 0 ara d | ||
| 040 |
_aGCL / _cGCL |
||
| 082 | 0 | 4 |
_a811.9 _bم ز |
| 100 | 1 | _aمحمد محمد الشهاوى | |
| 245 | 1 | 0 |
_aزهرة اللوتس .. ترفض ان تهاجر (شعر) / _cمحمد محمد الشهاوى |
| 490 | _a | ||
| 650 | 0 | 4 | _aالشعر العربى |
| 650 | 0 | 4 | _aالشعر |
| 942 |
_2ddc _cBK |
||
| 999 |
_c40160 _d40160 |
||